Filosofía del derecho / por Giorgio del Vecchio
Descripción Física:
2 v. ; 23 cm
Otros Autores:
Recasens Siches, Luis, 1903-1977
MARC
| LEADER | 00000nam a2200000Ia 4500 | ||
|---|---|---|---|
| 001 | 682, 705 | ||
| 008 | 160829s1935 - 1936 xx 000 0 cat d | ||
| 080 | |a D-1-54, D-1-55 | ||
| 100 | 1 | |a Vecchio, Giorgio del |e autor |9 37968 | |
| 245 | |a Filosofía del derecho / por Giorgio del Vecchio | ||
| 250 | |a 2a ed., corr. y aum. / por Luis Recasens Siches | ||
| 260 | |a Barcelona : |b Bosch, |c 1935 - 1936 | ||
| 300 | |a 2 v. ; |c 23 cm | ||
| 700 | 1 | |a Recasens Siches, Luis, |d 1903-1977 |e editor |9 25387 | |
| 901 | |a Arxiu | ||
| 942 | |n 1 |2 udc | ||
| 952 | |0 0 |1 0 |4 0 |6 D154_D155 |7 1 |9 48176 |a Arxiu |b Arxiu |d 2016-12-01 |l 0 |o D-1-54, D-1-55 |p 682, 705 |r 2016-12-01 00:00:00 |w 2016-12-01 |y ARXIU | ||
| 999 | |c 51982 |d 51982 | ||